000
00251nam a22001097a 4500
082
_a
621.389324 TUT'H
100
_a
TUTHILL, C. A
_9
56539
245
_a
HOW TO SERVICE TAPE RECORDERS
260
_a
NEWYORK
_b
HAYDEN
_c
1966
300
_a
165P
942
_c
BK
999
_c
566930
_d
566930